Statistics for England Euro Squad 2016

Click here to take the quiz!

General Stats

  • This quiz has been taken 285 times
  • The average score is 20 of 23

Answer Stats

Number Post Player Club % Correct
1GKJoe HartManchester City
100%
11STJamie VardyLeicester City
96%
10STWayne RooneyManchester United
95%
9STHarry KaneTottenham Hotspur
95%
5DFGary CahillChelsea
93%
15STDaniel SturridgeLiverpool
93%
14MFJordan HendersonLiverpool
90%
13GKFraser ForsterSouthampton
90%
22STMarcus RashfordManchester United
89%
6DFChris SmallingManchester United
89%
7MFRaheem SterlingManchester City
89%
3DFDanny RoseTottenham Hotspur
87%
2DFKyle WalkerTottenham Hotspur
86%
20MFDele AlliTottenham Hotspur
86%
17MFEric DierTottenham Hotspur
84%
12DFNathan ClyneLiverpool
83%
19MFRoss BarkleyEverton
82%
4MFJames MilnerLiverpool
82%
8MFAdam LallanaLiverpool
82%
22GKTom HeatonBurnley
79%
18MFJack WilshereArsenal
76%
21DFRyan BertrandSouthampton
74%
16DFJohn StonesEverton
73%

Score Distribution

Percentile by Number Answered

Percent of People with Each Score

Your Score History

You have not taken this quiz